1111 1863 1420 1700 1324 1372 1598 1005 1775 1837 1458 1676 1385 1161 1024 1495 1435 1900 1111 1579 1990 1521 1465 1268 1092 1331 1583 1887 1604 1419 1447 1764 1272 1737 1262 1819 1267 1841 1867 1972 1213 1509 1310 1765 1443 1542 1098 1773 1970 1754 1826 1484 1913 1826 1434 1738 1100 1444 1643 1324 1392 1976 1171 1860 1257 1372 1186 1175 1182 1879 1798 1263 1864 1308 1915 1591 1498 1797 1314 1810 1271 1654 1039 1556 1831 1837 1050 1527 1807 1420 1468 1028 1578 1635 1482 1465 1627 1210 1949 BCNSPRNW ULIB Ver.6.0+V

เปลี่ยนเป็นภาษาไทย

Change to English
 แสดงรายละเอียดบรรณานุกรม
  กลับหน้าหลัก

Brief Record : Get Marc (ISO 2709) : E-mail record : QR code < ปิดหน้าต่าง
LEADER : 00000nam 2200000uu 4500
001    13399125927
003     ULIB
008    171031s2560||||th 000 0 tha d
020    ^aa9789990120011
060    ^aQT255^bจ138ห
100    ^aจตุรงค์ เหมรา.
245    ^aหลักการและการปฏิบัติ : การทดสอบสมรรถภาพทางกาย/^bจตุรงค์ เหมรา.
260    ^aลำปาง :^bลำปางบรรณกิจพริ้นติ้ง,^c2560
300    ^a333 หน้า;^c30 ซม.
650    ^aการออกกำลังกาย
650  0 ^aการทดสอบสมรรถภาพ
945    ^p350^l0^i25678
945    ^p350^l0^i25679
999    ^aกัณชพร จุลอักษร
รายการนี้ยังไม่มีแท็ก
คุณยังไม่ได้ล็อกอิน คุณสามารถมีกิจกรรมร่วมกับเว็บไซต์ได้ แต่ต้องล็อกอินก่อน ::
  ล็อกอิน

รายการสื่อสารสนเทศ

ลำดับที่ ประเภท เลขเรียก/บาร์โค้ด สถานที่ สถานะ
1. หนังสือสำรอง
หนังสือสำรอง
QT255 จ138ห ฉ.1 
  Barcode: 25678
ห้องสมุดวิทยาเขตนครสวรรค์
►หนังสือทั่วไป:l:General Books
บนชั้น
2. วิทยาศาสตร์การแพทย์ และสุขภาพ
วิทยาศาสตร์การแพทย์ และสุขภาพ
QT255 จ138ห ฉ.2 
  Barcode: 25679
ห้องสมุดวิทยาเขตนครสวรรค์
►หนังสือทั่วไป:l:General Books
บนชั้น

รายการใกล้เคียง
    หัวเรื่อง [การออกกำลังกาย]
    หัวเรื่อง [การทดสอบสมรรถภาพ]

BibComment


ยังไม่เคยถูกคอมเมนท์

คอมเมนท์ทรัพยากรรายการนี้
  คอมเมนท์: หลักการและการปฏิ..


 Copyright 2026. Bcnsprnw @Library